[Event "ECU-ch U16 Girls"]
[Site "Guayaquil"]
[Date "2019.04.18"]
[Round "3"]
[White "Ruiz Vega, Nicole Suhey"]
[Black "Oleas Vanegas, Micaela Carolina"]
[Result "1-0"]
[WhiteElo "1217"]
[BlackElo "1741"]
[PlyCount "120"]
[EventDate "2019.04.17"]
[EventType "swiss"]
[EventRounds "9"]
[EventCountry "ECU"]
[SourceTitle "CBM 190 Extra"]
[Source "ChessBase"]
[SourceDate "2019.07.15"]
[SourceVersion "1"]
[SourceVersionDate "2019.07.15"]
[SourceQuality "1"]

1. e4 e5 2. Nf3 Nc6 3. Bb5 Nge7 4. 0-0 g6 5. c3 Bg7 6. d4 a6 7. Ba4 exd4 8. cxd4 b5 9. Bc2 d6 10. h3 0-0 11. Nc3 Bb7 12. Be3 Na5 13. b3 c5 14. Qd2 Rc8 15. Rfd1 Qc7 16. Ne2 Nec6 17. Rac1 Rfd8 18. Bb1 Ne7 19. Bf4 Qb6 20. Bg5 f6 21. Be3 Qc7 22. Nf4 Kf7 23. d5 Rd7 24. Ne6 Qb6 25. Bh6 Rg8 26. Bxg7 Rxg7 27. Nxg7 Kxg7 28. Nh2 Bc8 29. Ng4 Ng8 30. Rc3 Nb7 31. Rg3 Rf7 32. Ne3 Qc7 33. Re1 Nd8 34. h4 Kh8 35. f4 Rg7 36. Ng4 Bxg4 37. Rxg4 Nf7 38. Rg3 b4 39. Qe2 Qb6 40. Kh1 Ngh6 41. Rf1 a5 42. Qe3 Ng8 43. Rff3 Qd8 44. Rh3 g5 45. hxg5 fxg5 46. Rfg3 g4 47. Rh2 Qf6 48. Qf2 h6 49. Qe3 Qb2 50. Qe1 a4 51. bxa4 c4 52. Re3 c3 53. g3 Qa3 54. e5 dxe5 55. fxe5 Ng5 56. Qf1 Nf3 57. Rf2 Rg5 58. Kg2 Rh5 59. Rfxf3 gxf3+ 60. Rxf3 Rxe5 1-0

[Event "ECU-ch U16 Girls"]
[Site "Guayaquil"]
[Date "2019.04.17"]
[Round "2"]
[White "Rodriguez Zamora, Hanna Gabriela"]
[Black "Ruiz Vega, Nicole Suhey"]
[Result "0-1"]
[WhiteElo "1260"]
[BlackElo "1217"]
[PlyCount "54"]
[EventDate "2019.04.17"]
[EventType "swiss"]
[EventRounds "9"]
[EventCountry "ECU"]
[SourceTitle "CBM 190 Extra"]
[Source "ChessBase"]
[SourceDate "2019.07.15"]
[SourceVersion "1"]
[SourceVersionDate "2019.07.15"]
[SourceQuality "1"]

1. e4 e6 2. d4 d5 3. exd5 exd5 4. Bd3 Nf6 5. c3 Be7 6. Nf3 0-0 7. 0-0 Bg4 8. Bg5 h6 9. Bh4 Nbd7 10. Nbd2 c5 11. Qc2 c4 12. Bf5 Bh5 13. Rae1 b5 14. Ne5 Nxe5 15. Rxe5 g5 16. Bg3 Bd6 17. Re3 Bxg3 18. fxg3 Kg7 19. Rfe1 a5 20. h3 Ra7 21. g4 Bg6 22. Bxg6 fxg6 23. Qd1 Raf7 24. Qe2 Qd6 25. Re7 Qf4 26. Qf2 Qxf2+ 27. Kxf2 Ne4+ 0-1